[Event "COL-ch Amateur U1700"]
[Site "Paipa"]
[Date "2020.03.01"]
[Round "9"]
[White "Siaucho, Pastor Emilio"]
[Black "Nino Cotrina, Edison"]
[Result "1-0"]
[WhiteElo "1651"]
[BlackElo "1597"]
[PlyCount "98"]
[EventDate "2020.02.26"]
[EventType "swiss"]
[EventRounds "9"]
[EventCountry "COL"]
[SourceTitle "EXT 2021"]
[Source "ChessBase"]
[SourceDate "2020.10.23"]
[SourceVersion "1"]
[SourceVersionDate "2020.10.23"]
[SourceQuality "1"]

1. Nf3 d5 2. g3 Nf6 3. Bg2 Bf5 4. b4 e6 5. a3 Nbd7 6. Bb2 Be7 7. 0-0 0-0 8. c4 c6 9. c5 Re8 10. Nc3 Ne4 11. d3 Nxc3 12. Bxc3 h5 13. Nd4 Bg6 14. e4 e5 15. Nf5 Bxf5 16. exf5 d4 17. Bb2 Nf6 18. f4 exf4 19. Rxf4 Nd5 20. Bxd5 Qxd5 21. Qxh5 Bf6 22. Raf1 Re3 23. Qd1 Rae8 24. R4f2 Bg5 25. Bc1 f6 26. Rg2 R3e5 27. Bxg5 fxg5 28. Qh5 Rf8 29. f6 Rf7 30. Rgf2 Rxf6 31. Rxf6 gxf6 32. Qg6+ Kh8 33. Qxf6+ Kh7 34. Qf7+ Qxf7 35. Rxf7+ Kg6 36. Rd7 Re1+ 37. Kf2 Ra1 38. Rxd4 Rxa3 39. Kf3 a5 40. bxa5 Rxa5 41. Rc4 Ra3 42. Ke4 Ra2 43. h4 gxh4 44. gxh4 Re2+ 45. Kf3 Re1 46. Rb4 Re7 47. Kg4 Rd7 48. d4 Rh7 49. Kg3 Rg7 1-0

[Event "Tunja Boyaca op-B"]
[Site "Tunja"]
[Date "2019.08.03"]
[Round "6"]
[White "Siaucho, Pastor Emilio"]
[Black "Cespedes Galindo, Estefania"]
[Result "1-0"]
[WhiteElo "1562"]
[BlackElo "1731"]
[PlyCount "41"]
[EventDate "2019.07.31"]
[EventType "swiss"]
[EventRounds "9"]
[EventCountry "COL"]
[SourceTitle "EXT 2020"]
[Source "ChessBase"]
[SourceDate "2019.10.17"]
[SourceVersion "1"]
[SourceVersionDate "2019.10.17"]
[SourceQuality "1"]

1. b4 d5 2. Nf3 Nf6 3. Bb2 e6 4. b5 Bd6 5. e3 Nbd7 6. Be2 e5 7. 0-0 0-0 8. c4 Qe7 9. d4 e4 10. Nfd2 c6 11. c5 Bc7 12. a4 Ne8 13. Nc3 f5 14. a5 Qh4 15. g3 Qh6 16. Qb3 f4 17. exf4 Rxf4 18. b6 Bb8 19. a6 axb6 20. axb7 Bxb7 21. cxb6 1-0

[Event "Tunja Boyaca op-B"]
[Site "Tunja"]
[Date "2019.08.01"]
[Round "2"]
[White "Siaucho, Pastor Emilio"]
[Black "Acosta Cruz, Luis Ivan"]
[Result "0-1"]
[WhiteElo "1562"]
[BlackElo "1784"]
[PlyCount "42"]
[EventDate "2019.07.31"]
[EventType "swiss"]
[EventRounds "9"]
[EventCountry "COL"]
[SourceTitle "EXT 2020"]
[Source "ChessBase"]
[SourceDate "2019.10.17"]
[SourceVersion "1"]
[SourceVersionDate "2019.10.17"]
[SourceQuality "1"]

1. b4 e5 2. Bb2 d6 3. c4 Nf6 4. e3 b6 5. Nf3 Bb7 6. Be2 Nbd7 7. 0-0 g6 8. d4 Qe7 9. d5 Bg7 10. Nc3 a6 11. Qc2 0-0 12. Nd2 Ne8 13. e4 Bh6 14. Rad1 Nb8 15. g4 Bf4 16. Kg2 f5 17. h3 h5 18. Rh1 fxg4 19. hxg4 Qg5 20. Bf3 Nf6 21. Rdg1 hxg4 0-1

[Event "Tunja Boyacense op"]
[Site "Tunja"]
[Date "2018.12.14"]
[Round "3"]
[White "Siaucho, Pastor Emilio"]
[Black "Cuellar Canosa, Nicolas"]
[Result "1-0"]
[WhiteElo "1550"]
[BlackElo "1833"]
[PlyCount "53"]
[EventDate "2018.12.13"]
[EventType "swiss"]
[EventRounds "7"]
[EventCountry "COL"]
[SourceTitle "CBM 187 Extra"]
[Source "ChessBase"]
[SourceDate "2018.11.04"]
[SourceVersion "1"]
[SourceVersionDate "2018.11.04"]
[SourceQuality "1"]

1. b4 b6 2. Bb2 Bb7 3. e3 e6 4. Nf3 Nf6 5. b5 d6 6. Be2 Nbd7 7. d4 g6 8. 0-0 Bg7 9. c4 0-0 10. Nc3 h6 11. a4 Kh7 12. Qb3 Re8 13. a5 Qe7 14. a6 Bc8 15. Ba3 Qd8 16. Rac1 Ng8 17. Rfd1 e5 18. Na4 exd4 19. Nxd4 Ne5 20. c5 bxc5 21. Nxc5 dxc5 22. Nc6 Be6 23. Rxd8 Bxb3 24. Rxa8 Rxa8 25. Nxe5 Bxe5 26. Rxc5 Nf6 27. Rxe5 1-0